200 mots aléatoire Harry Potter 2 #4 - Statistiques

Statistiques générales
  • Ce quiz a été pris 40 fois
  • Le résultat moyen est 108 sur 200
Statistiques - réponses
Réponses % Correct
A
97%
à
97%
c'
93%
Harry
93%
Harry.
93%
Hermione
93%
Hermione.
93%
Ron
93%
d'
90%
l'
90%
se
90%
de
87%
De
87%
est
87%
et
87%
ce
83%
le
83%
Le
83%
elle
80%
la
80%
des
77%
il
77%
qu'
77%
Ça
73%
ça
73%
—Ça,
73%
les
73%
—On
70%
on
70%
On
70%
que
70%
un
67%
Un
67%
ne
63%
dit
60%
en
60%
pas
60%
une
60%
avait
57%
faire,
53%
va
53%
cheveu
50%
Crabbe
50%
Crabbe,
50%
dans
50%
donc
50%
Goyle.
50%
Goyle
50%
plus
50%
cette
47%
potion
47%
Quand
47%
aide
43%
alors
43%
avoir
43%
cheveux.
43%
cheveux,
43%
cheveux
43%
couleur
43%
trois
43%
boire
40%
doit
40%
verre
40%
verres
40%
y
40%
air
37%
aura
37%
comme
37%
dégoûté.
37%
instant
37%
liquide
37%
prirent
37%
tard,
37%
versa
37%
ajoute
33%
—Beurk!
33%
extrait
33%
goût
33%
louche,
33%
mit
33%
Polynectar
33%
regardant
33%
verse
33%
vrai,
33%
cabine.
30%
celui
30%
mixture
30%
pris
30%
prit
30%
tiendra
30%
Bulstrode.
27%
Bulstrode,
27%
chacun
27%
main
27%
Millicent
27%
taille
27%
teinte
23%
vos
23%
ici.
20%
jaunâtre
20%
préparés.
20%
Puis,
20%
ferait
17%
laissa
17%
laissèrent
17%
mieux
17%
nouveau,
17%
tomber
17%
voie
17%
—Ajoutez
13%
brunâtre
13%
approuva
10%
boue.
10%
bouilloire
10%
kaki,
10%
semblable
10%
siffler
10%
tremblante,
10%
—Attendez,
7%
généreusement
7%
couvrit
3%
écume.
3%
écumer.
3%
épouvantable.
3%
passablement
3%
répugnante.
3%
Aucun quiz correspondant
Distribution des résultats
% des personnes avec chaque résultat
Percentile par nombre de réponses
Votre historique - résultats
Vous n’avez pas pris ce quiz